[Event "AUTO-OPEN-3125"]
[Site "http://www.queenalice.com/game.php?id=1233938"]
[Date "2013.11.20"]
[Round "1"]
[White "jnable"]
[Black "BrunoM"]
[Result "1-0"]
[WhiteElo "2012"]
[BlackElo "1100"]

1. d4 d5 2. c4 e6 3. Nf3 Nf6 4. e3 c6 5. Nc3 Be7 6. Bd3 dxc4 7. Bxc4 O-O 8. O-O
Nbd7 9. e4 Re8 10. Qe2 Nb6 11. Bb3 Bd7 12. h3 Rc8 13. Be3 Na8 14. e5 Nd5 15. Ne4
Nac7 16. Rac1 Nxe3 17. fxe3 Nd5 18. Bc2 Qa5 19. a3 c5 20. Nfg5 Bxg5 21. Nxg5 f5
22. Qh5 h6 23. Qf7+ Kh8 24. Qxd7 hxg5 25. Rxf5 Rcd8 26. Qf7 exf5 27. Qxf5 Kg8
28. Rf1 Nf4 29. exf4 g4 30. Bb3+ Kh8 31. Qh5# 1-0

[Event "AUTO-OPEN-3125"]
[Site "http://www.queenalice.com/game.php?id=1233939"]
[Date "2013.11.20"]
[Round "1"]
[White "BrunoM"]
[Black "jnable"]
[Result "1-0"]
[WhiteElo "1100"]
[BlackElo "2005"]

1. d4 d5 2. c4 e6 3. Nf3 Nf6 4. Nc3 Be7 5. Bg5 O-O 6. e3 c6 7. Bd3 Nbd7 8. O-O
h6 9. Bxf6 Nxf6 10. c5 b6 11. b4 a5 12. a3 Bb7 13. Qb3 Qc7 14. Rfb1 Nd7 15. bxa5
b5 16. a4 Rxa5 17. axb5 cxb5 18. Nxb5 Qd8 19. Rxa5 Qxa5 20. Qa3 Qxa3 21. Nxa3
Rb8 22. Bb5 Nf6 23. Bc6 Ra8 24. Rxb7 Rxa3 25. g3 Bf8 26. Ne5 Nh7 27. Rxf7 Ng5
28. Rb7 h5 29. Rb8 g6 30. Nxg6 Nh7 31. Nxf8 Nxf8 32. Bd7 Kf7 33. Be8+ 1-0

[Event "AUTO-OPEN-3125"]
[Site "http://www.queenalice.com/game.php?id=1233964"]
[Date "2013.11.20"]
[Round "1"]
[White "phystutordotcom"]
[Black "BrunoM"]
[Result "1-0"]
[WhiteElo "1734"]
[BlackElo "1100"]

1. Nf3 Nf6 2. g3 d5 3. Bg2 e6 4. O-O c5 5. d3 Nc6 6. Nbd2 Be7 7. e4 dxe4 8. dxe4
e5 9. c3 O-O 10. Qc2 b6 11. Nc4 1-0

[Event "AUTO-OPEN-3125"]
[Site "http://www.queenalice.com/game.php?id=1233965"]
[Date "2013.11.20"]
[Round "1"]
[White "BrunoM"]
[Black "phystutordotcom"]
[Result "0-1"]
[WhiteElo "1100"]
[BlackElo "1736"]

1. d4 d6 2. c4 e5 3. Nf3 e4 4. Ng5 f5 5. Nc3 Be7 6. Nh3 Nf6 7. e3 c6 8. Be2 Na6
9. O-O Nc7 10. b3 d5 11. c5 Ne6 0-1

[Event "AUTO-OPEN-3125"]
[Site "http://www.queenalice.com/game.php?id=1233982"]
[Date "2013.11.20"]
[Round "1"]
[White "BrunoM"]
[Black "marcao"]
[Result "1-0"]
[WhiteElo "1100"]
[BlackElo "1766"]

1. d4 d5 2. c4 Nf6 3. Nf3 Bf5 4. e3 e6 5. Nc3 Bb4 6. Bd2 O-O 7. a3 Bd6 8. h3 h6
9. Qb3 b6 10. cxd5 exd5 11. Nxd5 Be6 12. Nxf6+ Qxf6 13. Qc3 a5 14. e4 Nd7 15. e5
Nxe5 16. dxe5 Bxe5 17. Nxe5 Qe7 18. Be2 c5 19. O-O Rac8 20. Ba6 Rc7 21. Bf4 Ra7
22. Nc6 Qd7 23. Nxa7 Qxa7 24. Bc4 Qd7 25. Bxe6 Qxe6 26. Rfe1 Qf5 27. Be5 f6 28.
Qb3+ Kh7 29. Bd6 Rc8 30. Qxb6 Qd5 31. Rad1 Qa8 32. Bxc5 a4 33. Re7 Rg8 34. Rdd7
1-0

[Event "AUTO-OPEN-3125"]
[Site "http://www.queenalice.com/game.php?id=1233983"]
[Date "2013.11.20"]
[Round "1"]
[White "marcao"]
[Black "BrunoM"]
[Result "1-0"]
[WhiteElo "1766"]
[BlackElo "1100"]

1. d4 d5 2. Bf4 Bf5 3. e3 e6 4. Nf3 Nf6 5. Bb5+ c6 6. Ba4 Qa5+ 7. Nc3 Bb4 8. Bb3
Bxc3+ 9. bxc3 Qxc3+ 10. Nd2 Ne4 11. Rc1 g5 12. Bg3 h5 13. O-O Qxd2 14. c3 Qxd1
15. Bxd1 Nxg3 16. hxg3 Nd7 17. a4 Nb6 18. Bc2 Bxc2 19. Rxc2 Nxa4 20. c4 dxc4 21.
Rxc4 Nb6 22. Rb4 f5 23. f4 g4 24. Kf2 O-O-O 25. Rh1 Rd7 26. Rb2 Rd5 27. Ra2 Kb8
28. Rh4 Nc4 29. Ra1 Ra5 30. Rxa5 Nxa5 31. Ke2 b5 32. Kd2 Nc4+ 33. Kd3 a5 34. Rh1
a4 35. e4 a3 36. e5 Kb7 37. Kc3 Kb6 38. Kb3 c5 39. d5 1-0

[Event "AUTO-OPEN-3134"]
[Site "http://www.queenalice.com/game.php?id=1237175"]
[Date "2013.12.2"]
[Round "1"]
[White "BrunoM"]
[Black "Duendemalefyco"]
[Result "1-0"]
[WhiteElo "1100"]
[BlackElo "1609"]

1. d4 Nf6 2. c4 g6 3. Nc3 d5 4. Nf3 Bg7 5. e3 O-O 6. Be2 dxc4 7. Bxc4 Bg4 8. Qb3
Bxf3 9. gxf3 Qc8 10. Nd5 Nxd5 11. Bxd5 c6 12. Bc4 Nd7 13. Bd2 Nb6 14. Bd3 e5 15.
dxe5 Bxe5 16. Bc3 Bxc3+ 17. Qxc3 Qh3 18. Ke2 Rfe8 19. Rad1 Nd5 20. Qb3 Nf4+ 21.
Kd2 Nxd3 22. Kxd3 Qxf3 23. Qc2 Qd5+ 24. Ke2 Qxa2 25. Rd7 1-0